Biggest villages and towns of Lithuania - Statistics

General Stats
  • This quiz has been taken 8 times
  • The average score is 23 of 181
Answer Stats
Apskritis Population Town % Correct
Alytus 52.727 Alytus
86%
Kaunas 298.753 Kaunas
86%
Klaipėda 152.008 Klaipėda
86%
Šiauliai 100.653 Šiauliai
86%
Marijampolė 36.727 Marijampolė
71%
Panevėžys 89.100 Panevėžys
71%
Telšiai 22.642 Telšiai
71%
Vilnius 546.155 Vilnius
71%
Alytus 12.908 Druskininkai
57%
Klaipėda 16.746 Palanga
57%
Tauragė 21.203 Tauragė
57%
Alytus 8202 Varėna
57%
Panevėžys 10.734 Biržai
43%
Vilnius 11.255 Elektrėnai
43%
Klaipėda 15.065 Gargždai
43%
Klaipėda 17.249 Kretinga
43%
Telšiai 17.543 Plungė
43%
Panevėžys 11.770 Rokiškis
43%
Klaipėda 15.952 Šilutė
43%
Utena 25.343 Utena
43%
Vilnius 2908 Eišiškės
29%
Utena 5106 Ignalina
29%
Kaunas 27.381 Jonava
29%
Šiauliai 8612 Joniškis
29%
Kaunas 23.461 Kėdainiai
29%
Šiauliai 10.916 Kuršėnai
29%
Marijampolė 4126 Kybartai
29%
Alytus 4016 Lazdijai
29%
Telšiai 33.101 Mažeikiai
29%
Šiauliai 7985 Naujoji Akmenė
29%
Vilnius 4831 Nemenčinė
29%
Šiauliai 4594 Pakruojis
29%
Panevėžys 6451 Pasvalys
29%
Kaunas 8796 Prienai
29%
Kaunas 9865 Raseiniai
29%
Vilnius 6857 Šalčininkai
29%
Tauragė 4729 Šilalė
29%
Klaipėda 5508 Skuodas
29%
Vilnius 5426 Trakai
29%
Vilnius 21.258 Ukmergė
29%
Alytus 1141 Veisiejai
29%
Marijampolė 10.286 Vilkaviškis
29%
Utena 6077 Zarasai
29%
Šiauliai 2355 Akmenė
14%
Utena 8697 Anykščiai
14%
Kaunas 1195 Balbieriškis
14%
Klaipėda 1077 Dovilai
14%
Kaunas 10.366 Garliava
14%
Panevėžys 1026 Joniškėlis
14%
Tauragė 10.186 Jurbarkas
14%
Marijampolė 5590 Kazlų Rūda
14%
Šiauliai 7688 Kelmė
14%
Klaipėda 1047 Kretingalė
14%
Alytus 1469 Leipalingis
14%
Vilnius 9713 Lentvaris
14%
Utena 5782 Molėtai
14%
Tauragė 1576 Pagėgiai
14%
Klaipėda 1245 Priekulė
14%
Šiauliai 15.103 Radviliškis
14%
Panevėžys 1241 Ramygala
14%
Kaunas 4079 Raudondvaris
14%
Klaipėda 1131 Rusnė
14%
Marijampolė 5462 Šakiai
14%
Klaipėda 1272 Salantai
14%
Vilnius 1219 Senieji Trakai
14%
Alytus 1073 Senoji Varėna
14%
Alytus 1247 Simnas
14%
Vilnius 5827 Širvintos
14%
Vilnius 4748 Švenčionėliai
14%
Vilnius 4448 Švenčionys
14%
Šiauliai 2250 Venta
14%
Klaipėda 1573 Vėžaičiai
14%
Vilnius 4311 Vievis
14%
Utena 19.446 Visaginas
14%
Kaunas 2928 Akademija
0%
Kaunas 2743 Ariogala
0%
Šiauliai 1216 Aukštelkė
0%
Vilnius 2318 Avižieniai
0%
Kaunas 1486 Babtai
0%
Šiauliai 1694 Baisogala
0%
Kaunas 3072 Birštonas
0%
Vilnius 1339 Buivydiškės
0%
Vilnius 1154 Bukiškis
0%
Klaipėda 1203 Darbėnai
0%
Alytus 1016 Daugai
0%
Panevėžys 2447 Dembava
0%
Klaipėda 2922 Dercekliai
0%
Utena 1010 Didžiasalis
0%
Vilnius 2465 Didžioji Riešė
0%
Kaunas 5215 Domeikava
0%
Kaunas 1640 Ežerėlis
0%
Vilnius 1387 Galgiai
0%
Marijampolė 1572 Gelgaudiškis
0%
Klaipėda 1521 Ginduliai
0%
Šiauliai 2901 Ginkūnai
0%
Kaunas 2167 Giraitė
0%
Vilnius 1160 Grigaičiai
0%
Vilnius 9950 Grigiškės
0%
Šiauliai 1187 Gruzdžiai
0%
Kaunas 1325 Gudiena
0%
Vilnius 2383 Jašiūnai
0%
Kaunas 1047 Jieznas
0%
Kaunas 1268 Jonučiai II
0%
Kaunas 1122 Josvainiai
0%
Vilnius 1517 Juodšiliai
0%
Panevėžys 1549 Juodupė
0%
Šiauliai 1729 Kairiai
0%
Kaunas 8380 Kaišiadorys
0%
Klaipėda 1031 Kalotė
0%
Marijampolė 3982 Kalvarija
0%
Vilnius 1502 Kalveliai
0%
Kaunas 1195 Karmėlava
0%
Kaunas 1469 Karmėlava II
0%
Panevėžys 1106 Kavoliškis
0%
Panevėžys 1375 Krekenava
0%
Klaipėda 1210 Kretingsodis
0%
Marijampolė 1381 Kudirkos Naumiestis
0%
Kaunas 1393 Kulautuva
0%
Klaipėda 1035 Kūlupėnai
0%
Panevėžys 6218 Kupiškis
0%
Šiauliai 1033 Kužiai
0%
Tauragė 1548 Kvėdarna
0%
Kaunas 1206 Lapės
0%
Šiauliai 1283 Linkuva
0%
Marijampolė 1243 Lukšiai
0%
Vilnius 1562 Maišiagala
0%
Kaunas 1261 Mastaičiai
0%
Alytus 1073 Matuizos
0%
Vilnius 1420 Mickūnai
0%
Marijampolė 1016 Mokolai
0%
Panevėžys 1100 Molainiai
0%
Vilnius 2241 Nemėžis
0%
Alytus 1124 Neravai
0%
Klaipėda 3609 Neringa
0%
Kaunas 2672 Neveronys
0%
Kaunas 2337 Noreikiškės
0%
Vilnius 4918 Pabradė
0%
Klaipėda 1481 Padvariai
0%
Vilnius 3324 Pagiriai
0%
Klaipėda 1018 Pagryniai
0%
Marijampolė 1992 Pilviškiai
0%
Panevėžys 1065 Piniava
0%
Kaunas 3165 Pravieniškės
0%
Kaunas 2296 Ramučiai
0%
Vilnius 1595 Riešė
0%
Telšiai 3234 Rietavas
0%
Kaunas 3427 Ringaudai
0%
Vilnius 3713 Rudamina
0%
Vilnius 1985 Rūdiškės
0%
Kaunas 1987 Rukla
0%
Kaunas 1664 Rumšiškės
0%
Šiauliai 2421 Šeduva
0%
Vilnius 4051 Skaidiškės
0%
Tauragė 1427 Skaudvilė
0%
Klaipėda 1346 Slengiai
0%
Kaunas 1615 Šlienava
0%
Klaipėda 1334 Švėkšna
0%
Kaunas 2119 Teleičiai
0%
Telšiai 1357 Tirkšliai
0%
Klaipėda 1001 Traksėdžiai
0%
Klaipėda 1794 Trušeliai
0%
Telšiai 1060 Tryškiai
0%
Šiauliai 1850 Tytuvėnai
0%
Kaunas 2106 Užliedžiai
0%
Vilnius 1178 Vaidotai
0%
Vilnius 1794 Valčiūnai
0%
Telšiai 1024 Varkaliai
0%
Kaunas 1027 Veiveriai
0%
Panevėžys 1291 Velžys
0%
Kaunas 1425 Viduklė
0%
Alytus 1788 Viečiūnai
0%
Telšiai 2249 Viekšniai
0%
Šiauliai 1065 Vijoliai
0%
Kaunas 1331 Vijūkai
0%
Kaunas 1157 Vilainiai
0%
Kaunas 1762 Vilkija
0%
Klaipėda 1627 Vydmantai
0%
Šiauliai 1326 Žagarė
0%
Klaipėda 1087 Žemaičių Naumiestis
0%
Kaunas 3158 Žiežmariai
0%
Vilnius 1539 Zujūnai
0%
No matching quizzes found
Score Distribution
Percent of People with Each Score
Percentile by Number Answered
Your Score History
You have not taken this quiz